Vplyv súčasnej krízy na bankovú reguláciu
Kumulatívny dopad zmien regulačných pravidiel na jednotlivé ekonomiky (USA, Japonsko, Európa). Nové inštitúcie EÚ na posilnenie regulácie a dohľadu - EBA, ESMA, EIOPA, ESRB (ich vznik, úlohy, webové stránky).
Enregistré dans:
| Auteur principal: | |
|---|---|
| Autres auteurs: | |
| Format: | Chapitre de livre |
| Langue: | slovaque |
| Sujets: | |
| Tags: |
Pas de tags, Soyez le premier à ajouter un tag!
|
MARC
| LEADER | 00000nla$a2200000$$$4500 | ||
|---|---|---|---|
| 001 | 0149559 | ||
| 005 | 20240502072704.5 | ||
| 041 | 0 | |a slo | |
| 044 | |a SK | ||
| 245 | 1 | 0 | |a Vplyv súčasnej krízy na bankovú reguláciu |c Anna Sabolová, Peter Korduliak |
| 520 | |a Kumulatívny dopad zmien regulačných pravidiel na jednotlivé ekonomiky (USA, Japonsko, Európa). Nové inštitúcie EÚ na posilnenie regulácie a dohľadu - EBA, ESMA, EIOPA, ESRB (ich vznik, úlohy, webové stránky). | ||
| 610 | 2 | 0 | |a kríza finančná |
| 610 | 2 | 0 | |a dohľad bankový |
| 610 | 2 | 0 | |a regulácia |
| 610 | 2 | 0 | |a Európska únia |
| 100 | 1 | |a Sabolová, Anna | |
| 700 | 1 | |a Korduliak, Peter | |